Flash boys cracking the money code

Salvato in:
Dettagli Bibliografici
Autore principale: Lewis, Michael
Natura: Libro
Lingua:inglese
Pubblicazione: London Penguin Books 2015
Soggetti:
Tags: Aggiungi Tag
Nessun Tag, puoi essere il primo ad aggiungerne!!

MARC

LEADER 00000nam a2200000 4500
001 0231029
005 20221207093516.0
020 |a 978-0-141-98103-1 
041 0 |a eng 
044 |a GB 
245 1 0 |a Flash boys  |b cracking the money code  |c Michael Lewis 
264 1 |a London  |b Penguin Books  |c 2015 
300 |a 304 s. 
610 2 0 |a trh kapitálový 
610 2 0 |a trh finančný 
610 2 0 |a trh peňažný 
610 2 0 |a burzy 
610 2 0 |a burzovníctvo 
610 2 0 |a banky 
610 2 0 |a bankovníctvo 
610 2 0 |a makléri 
610 2 0 |a obchody burzové 
610 2 0 |a USA 
610 2 0 |a Kanada 
100 1 |a Lewis, Michael